| 000 | 00409nam a22001577a 4500 | ||
|---|---|---|---|
| 999 |
_c5901 _d5899 |
||
| 005 | 20210828110109.0 | ||
| 008 | 190530b xxu||||| |||| 00| 0 eng d | ||
| 020 | _a978-93-82448-39-6 | ||
| 041 | _aeng | ||
| 100 |
_aGHOOI, RAVINDRA.B AND ITKAR, SACHIN C. _95011 |
||
| 245 | _aPRINCIPLE OF CLINICAL RESEARCH | ||
| 250 | _a3rd , Ed. 2018 | ||
| 260 |
_aPUNE _bNIRALI PRAKASHAN |
||
| 300 | _a1.2p, | ||
| 942 | _cBK | ||